Loading...
| Current Events | 3 | 6.67 | 33% | 0% | 33% |
| Fine Arts - Classical Music | 8 | 11.25 | 50% | 25% | 38% |
| Fine Arts - Other | 3 | 6.67 | 0% | 33% | 33% |
| Fine Arts - Painting & Sculpture | 8 | 13.75 | 38% | 75% | 25% |
| Geography | 3 | 10.00 | 33% | 67% | 0% |
| History - American | 3 | 10.00 | 67% | 33% | 0% |
| History - European | 7 | 11.43 | 71% | 0% | 43% |
| History - Other | 11 | 12.73 | 46% | 55% | 27% |
| History - World | 10 | 14.00 | 40% | 50% | 50% |
| Literature - American | 6 | 8.33 | 50% | 17% | 17% |
| Literature - British | 5 | 16.00 | 40% | 60% | 60% |
| Literature - European | 6 | 11.67 | 67% | 0% | 50% |
| Literature - World | 5 | 10.00 | 40% | 0% | 60% |
| Mythology | 4 | 5.00 | 25% | 0% | 25% |
| Other Academic | 4 | 17.50 | 50% | 75% | 50% |
| Philosophy | 4 | 7.50 | 25% | 25% | 25% |
| Religion | 8 | 12.50 | 38% | 38% | 50% |
| Science - Biology | 10 | 16.00 | 50% | 40% | 70% |
| Science - Chemistry | 8 | 11.25 | 25% | 38% | 50% |
| Science - Other | 9 | 11.11 | 56% | 22% | 33% |
| Science - Physics | 7 | 11.43 | 43% | 14% | 57% |
| Social Science | 5 | 10.00 | 40% | 40% | 20% |